[Event "Grand Swiss "]
[Date "2025.09.14"]
[White "Moussard, Jules"]
[Black "Salem, A.R. Saleh"]
[WhiteElo "2591"]
[BlackElo "2640"]
[Round "10.10.42"]
[Result "1-0"]

1. e4 {[%clk 01:40:57] [%emt 00:00:02]} c5 {[%clk 01:40:54] [%emt 00:00:07]} 2.
Nf3 {[%clk 01:41:22] [%emt 00:00:05]} d6 {[%clk 01:41:18] [%emt 00:00:06]} 3.
Bb5+ {[%clk 01:41:31] [%emt 00:00:21]} Nd7 {[%clk 01:41:42] [%emt 00:00:06]} 4.
Ba4 {[%clk 01:41:35] [%emt 00:00:26]} Ngf6 {[%clk 01:42:01] [%emt 00:00:11]} 5.
O-O {[%clk 01:41:48] [%emt 00:00:17]} e6 {[%clk 01:41:56] [%emt 00:00:34]} 6. d3
{[%clk 01:41:49] [%emt 00:00:30]} Be7 {[%clk 01:42:09] [%emt 00:00:16]} 7. c4
{[%clk 01:41:25] [%emt 00:00:53]} O-O {[%clk 01:42:23] [%emt 00:00:16]} 8. Nc3
{[%clk 01:41:48] [%emt 00:00:08]} a6 {[%clk 01:42:32] [%emt 00:00:22]} 9. Qe2
{[%clk 01:41:27] [%emt 00:00:51]} b6 {[%clk 01:42:47] [%emt 00:00:15]} 10. d4
{[%clk 01:41:11] [%emt 00:00:45]} cxd4 {[%clk 01:43:07] [%emt 00:00:11]} 11.
Nxd4 {[%clk 01:41:36] [%emt 00:00:04]} Bb7 {[%clk 01:43:28] [%emt 00:00:08]} 12.
Bc6 {[%clk 01:41:06] [%emt 00:01:00]} Qc8 {[%clk 01:42:59] [%emt 00:01:00]} 13.
Bxb7 {[%clk 01:41:29] [%emt 00:00:07]} Qxb7 {[%clk 01:43:25] [%emt 00:00:04]}
14. b3 {[%clk 01:41:46] [%emt 00:00:13]} Rac8 {[%clk 01:41:55] [%emt 00:02:00]}
15. Bb2 {[%clk 01:40:07] [%emt 00:02:08]} Rfe8 {[%clk 01:42:16] [%emt 00:00:10]}
16. Rad1 {[%clk 01:37:38] [%emt 00:02:59]} d5 {[%clk 01:09:57] [%emt 00:32:50]}
17. exd5 {[%clk 01:24:57] [%emt 00:13:10]} exd5 {[%clk 01:10:13] [%emt
00:00:14]} 18. Qf3 {[%clk 01:09:46] [%emt 00:15:40]} Ne5 {[%clk 01:08:49] [%emt
00:01:55]} 19. Qf5 {[%clk 01:06:57] [%emt 00:03:19]} Bc5 {[%clk 00:48:43] [%emt
00:20:35]} 20. Nf3 {[%clk 01:00:27] [%emt 00:07:00]} d4 {[%clk 00:38:01] [%emt
00:11:12]} 21. Nxd4 {[%clk 00:54:49] [%emt 00:06:08]} Rcd8 {[%clk 00:35:58]
[%emt 00:02:34]} 22. Na4 {[%clk 00:54:03] [%emt 00:01:16]} Bb4 {[%clk 00:25:36]
[%emt 00:10:52]} 23. Nc2 {[%clk 00:52:35] [%emt 00:01:57]} 1-0

[Site "Europe Echecs"]

[Event "Grand Swiss "]
[Date "2025.09.14"]
[White "Ivic, Velimir"]
[Black "Korobov, Anton"]
[WhiteElo "2630"]
[BlackElo "2616"]
[Round "10.10.43"]
[Result "1-0"]

1. e4 {[%clk 01:40:56] [%emt 00:00:03]} e6 {[%clk 01:40:53] [%emt 00:00:07]} 2.
d4 {[%clk 01:41:08] [%emt 00:00:18]} d5 {[%clk 01:41:17] [%emt 00:00:06]} 3. Nc3
{[%clk 01:41:05] [%emt 00:00:34]} Nf6 {[%clk 01:41:39] [%emt 00:00:07]} 4. e5
{[%clk 01:41:04] [%emt 00:00:32]} Nfd7 {[%clk 01:42:02] [%emt 00:00:07]} 5. f4
{[%clk 01:40:48] [%emt 00:00:46]} c5 {[%clk 01:42:20] [%emt 00:00:11]} 6. Nf3
{[%clk 01:41:13] [%emt 00:00:07]} Nc6 {[%clk 01:42:44] [%emt 00:00:05]} 7. Be3
{[%clk 01:41:17] [%emt 00:00:26]} a6 {[%clk 01:43:07] [%emt 00:00:07]} 8. Qd2
{[%clk 01:39:59] [%emt 00:01:48]} b5 {[%clk 01:43:28] [%emt 00:00:08]} 9. Nd1
{[%clk 01:40:13] [%emt 00:00:16]} b4 {[%clk 01:41:53] [%emt 00:02:05]} 10. Be2
{[%clk 01:35:20] [%emt 00:05:23]} Be7 {[%clk 01:40:07] [%emt 00:02:12]} 11. O-O
{[%clk 01:32:24] [%emt 00:03:30]} O-O {[%clk 01:40:21] [%emt 00:00:16]} 12. Nf2
{[%clk 01:22:29] [%emt 00:10:25]} a5 {[%clk 01:38:47] [%emt 00:02:03]} 13. c3
{[%clk 01:16:38] [%emt 00:06:21]} Ba6 {[%clk 01:34:28] [%emt 00:04:49]} 14. Bxa6
{[%clk 01:05:34] [%emt 00:11:34]} Rxa6 {[%clk 01:33:11] [%emt 00:01:47]} 15. Qd3
{[%clk 00:56:15] [%emt 00:09:49]} c4 {[%clk 01:31:03] [%emt 00:02:38]} 16. Qc2
{[%clk 00:55:26] [%emt 00:01:19]} f5 {[%clk 01:16:54] [%emt 00:14:39]} 17. exf6
{[%clk 00:53:25] [%emt 00:02:32]} Nxf6 {[%clk 01:10:41] [%emt 00:06:42]} 18. Ng5
{[%clk 00:45:18] [%emt 00:08:37]} bxc3 {[%clk 01:03:04] [%emt 00:08:07]} 19.
bxc3 {[%clk 00:42:16] [%emt 00:03:32]} h6 {[%clk 01:01:26] [%emt 00:02:08]} 20.
Nf3 {[%clk 00:40:34] [%emt 00:02:12]} Bd6 {[%clk 00:51:53] [%emt 00:10:02]} 21.
Rae1 {[%clk 00:38:02] [%emt 00:03:03]} Qc7 {[%clk 00:41:46] [%emt 00:10:36]} 22.
Bc1 {[%clk 00:26:24] [%emt 00:12:09]} Bxf4 {[%clk 00:33:50] [%emt 00:08:27]} 23.
Bxf4 {[%clk 00:26:45] [%emt 00:00:08]} Qxf4 {[%clk 00:34:15] [%emt 00:00:04]}
24. Rxe6 {[%clk 00:25:38] [%emt 00:01:38]} Re8 {[%clk 00:29:00] [%emt 00:05:45]}
25. Nh3 {[%clk 00:05:40] [%emt 00:20:28]} Qg4 {[%clk 00:27:50] [%emt 00:01:40]}
26. Rxe8+ {[%clk 00:06:00] [%emt 00:00:11]} Nxe8 {[%clk 00:28:18] [%emt
00:00:01]} 27. Nfg5 {[%clk 00:04:58] [%emt 00:01:32]} hxg5 {[%clk 00:25:56]
[%emt 00:02:51]} 28. Qg6 {[%clk 00:05:22] [%emt 00:00:06]} Nf6 {[%clk 00:21:53]
[%emt 00:04:32]} 29. Rxf6 {[%clk 00:05:46] [%emt 00:00:07]} Ne5 {[%clk 00:22:07]
[%emt 00:00:15]} 30. Qe8+ {[%clk 00:05:17] [%emt 00:01:00]} Kh7 {[%clk 00:21:46]
[%emt 00:00:51]} 31. Rf1 {[%clk 00:01:57] [%emt 00:03:51]} Ng6 {[%clk 00:17:52]
[%emt 00:04:23]} 32. Qf7 {[%clk 00:01:45] [%emt 00:00:42]} Rd6 {[%clk 00:14:30]
[%emt 00:03:52]} 33. Qf3 {[%clk 00:01:15] [%emt 00:01:00]} Qxf3 {[%clk 00:11:30]
[%emt 00:03:30]} 34. Nxg5+ {[%clk 00:01:44] [%emt 00:00:02]} Kg8 {[%clk
00:11:49] [%emt 00:00:10]} 35. Rxf3 {[%clk 00:01:04] [%emt 00:01:10]} Rb6 {[%clk
00:11:40] [%emt 00:00:38]} 36. Re3 {[%clk 00:00:33] [%emt 00:01:02]} Kf8 {[%clk
00:11:43] [%emt 00:00:26]} 37. Kf2 {[%clk 00:00:34] [%emt 00:00:29]} a4 {[%clk
00:11:03] [%emt 00:01:10]} 38. Re6 {[%clk 00:00:34] [%emt 00:00:30]} Rb2+ {[%clk
00:11:14] [%emt 00:00:19]} 39. Kg3 {[%clk 00:00:42] [%emt 00:00:23]} Ne7 {[%clk
00:10:18] [%emt 00:01:25]} 40. Ra6 {[%clk 00:00:52] [%emt 00:00:21]} g6 {[%clk
00:05:51] [%emt 00:04:57]} 41. Rxa4 {[%clk 00:47:19] [%emt 00:04:04]} Nf5+
{[%clk 00:50:23] [%emt 00:05:58]} 42. Kf4 {[%clk 00:46:43] [%emt 00:01:05]} Rxg2
{[%clk 00:49:43] [%emt 00:01:09]} 43. Ke5 {[%clk 00:33:59] [%emt 00:13:15]} Ne3
{[%clk 00:45:18] [%emt 00:04:55]} 44. h4 {[%clk 00:31:10] [%emt 00:03:19]} Nd1
{[%clk 00:42:30] [%emt 00:03:18]} 45. Ra8+ {[%clk 00:29:28] [%emt 00:02:13]} Ke7
{[%clk 00:42:26] [%emt 00:00:33]} 46. Ra7+ {[%clk 00:29:51] [%emt 00:00:08]} Ke8
{[%clk 00:42:49] [%emt 00:00:06]} 47. Kxd5 {[%clk 00:26:07] [%emt 00:04:14]}
Nxc3+ {[%clk 00:41:43] [%emt 00:01:36]} 48. Kxc4 {[%clk 00:26:32] [%emt
00:00:05]} Nxa2 {[%clk 00:41:20] [%emt 00:00:54]} 49. d5 {[%clk 00:19:42] [%emt
00:07:20]} Rg4+ {[%clk 00:37:49] [%emt 00:04:00]} 50. Kc5 {[%clk 00:17:55] [%emt
00:02:18]} Nc3 {[%clk 00:32:51] [%emt 00:05:27]} 51. d6 {[%clk 00:16:45] [%emt
00:01:40]} Ne4+ {[%clk 00:32:47] [%emt 00:00:34]} 52. Kc6 {[%clk 00:17:05] [%emt
00:00:11]} Nxd6 {[%clk 00:32:28] [%emt 00:00:48]} 53. Kxd6 {[%clk 00:17:31]
[%emt 00:00:05]} 1-0

[Site "Europe Echecs"]

[Event "Grand Swiss "]
[Date "2025.09.14"]
[White "Bartel, Mateusz"]
[Black "Hovhannisyan, Robert"]
[WhiteElo "2581"]
[BlackElo "2629"]
[Round "10.10.44"]
[Result "1/2-1/2"]

1. Nf3 {[%clk 01:40:57] [%emt 00:00:02]} d5 {[%clk 01:40:54] [%emt 00:00:07]} 2.
g3 {[%clk 01:41:20] [%emt 00:00:06]} g6 {[%clk 01:40:57] [%emt 00:00:27]} 3. Bg2
{[%clk 01:41:43] [%emt 00:00:07]} Bg7 {[%clk 01:41:22] [%emt 00:00:05]} 4. d4
{[%clk 01:42:06] [%emt 00:00:07]} Nf6 {[%clk 01:41:35] [%emt 00:00:17]} 5. O-O
{[%clk 01:42:30] [%emt 00:00:07]} O-O {[%clk 01:41:59] [%emt 00:00:06]} 6. Ne5
{[%clk 01:42:55] [%emt 00:00:04]} Ng4 {[%clk 01:29:36] [%emt 00:12:53]} 7. Bf4
{[%clk 01:38:30] [%emt 00:04:55]} c5 {[%clk 01:26:48] [%emt 00:03:19]} 8. e3
{[%clk 01:25:58] [%emt 00:13:02]} Nxe5 {[%clk 01:24:34] [%emt 00:02:45]} 9. Bxe5
{[%clk 01:23:22] [%emt 00:03:06]} Bxe5 {[%clk 01:24:14] [%emt 00:00:50]} 10.
dxe5 {[%clk 01:23:48] [%emt 00:00:03]} Nc6 {[%clk 01:24:13] [%emt 00:00:32]} 11.
Nc3 {[%clk 01:02:59] [%emt 00:21:19]} d4 {[%clk 01:22:49] [%emt 00:01:54]} 12.
exd4 {[%clk 01:03:03] [%emt 00:00:25]} Qxd4 {[%clk 01:15:13] [%emt 00:08:06]}
13. Re1 {[%clk 00:55:41] [%emt 00:07:52]} Bf5 {[%clk 01:12:05] [%emt 00:03:38]}
14. Qc1 {[%clk 00:47:50] [%emt 00:08:21]} Rad8 {[%clk 01:06:40] [%emt 00:05:56]}
15. a3 {[%clk 00:47:22] [%emt 00:00:58]} Nxe5 {[%clk 00:53:35] [%emt 00:13:34]}
16. Nb5 {[%clk 00:47:27] [%emt 00:00:25]} Qd7 {[%clk 00:52:12] [%emt 00:01:53]}
17. Rxe5 {[%clk 00:46:12] [%emt 00:01:46]} Qxb5 {[%clk 00:52:35] [%emt
00:00:07]} 18. Rxe7 {[%clk 00:44:44] [%emt 00:01:57]} Rd7 {[%clk 00:45:44] [%emt
00:07:21]} 19. a4 {[%clk 00:40:44] [%emt 00:04:31]} Qb4 {[%clk 00:42:49] [%emt
00:03:23]} 20. c3 {[%clk 00:40:25] [%emt 00:00:50]} Qb3 {[%clk 00:42:28] [%emt
00:00:50]} 21. Rxd7 {[%clk 00:40:34] [%emt 00:00:22]} Bxd7 {[%clk 00:42:53]
[%emt 00:00:04]} 22. Ra3 {[%clk 00:34:59] [%emt 00:06:05]} Qb6 {[%clk 00:41:01]
[%emt 00:02:21]} 23. a5 {[%clk 00:35:27] [%emt 00:00:03]} Qc7 {[%clk 00:41:15]
[%emt 00:00:16]} 24. Qg5 {[%clk 00:35:50] [%emt 00:00:08]} Re8 {[%clk 00:33:37]
[%emt 00:08:07]} 25. Ra1 {[%clk 00:35:04] [%emt 00:01:16]} b6 {[%clk 00:23:59]
[%emt 00:10:09]} 26. axb6 {[%clk 00:26:20] [%emt 00:09:14]} axb6 {[%clk
00:19:21] [%emt 00:05:08]} 27. h4 {[%clk 00:26:43] [%emt 00:00:06]} h5 {[%clk
00:19:18] [%emt 00:00:33]} 28. Ra8 {[%clk 00:18:04] [%emt 00:09:09]} Rxa8 {[%clk
00:19:29] [%emt 00:00:19]} 29. Bxa8 {[%clk 00:18:30] [%emt 00:00:04]} Bc6 {[%clk
00:18:43] [%emt 00:01:15]} 30. Bxc6 {[%clk 00:18:54] [%emt 00:00:06]} Qxc6
{[%clk 00:19:08] [%emt 00:00:05]} 1/2-1/2

[Site "Europe Echecs"]

[Event "Grand Swiss "]
[Date "2025.09.14"]
[White "Abdisalimov, Abdimalik"]
[Black "Volokitin, Andrei"]
[WhiteElo "2488"]
[BlackElo "2628"]
[Round "10.10.45"]
[Result "0-1"]

1. e4 {[%clk 01:40:32] [%emt 00:00:27]} c5 {[%clk 01:40:51] [%emt 00:00:09]} 2.
Nf3 {[%clk 01:40:46] [%emt 00:00:17]} e6 {[%clk 01:41:12] [%emt 00:00:09]} 3. d4
{[%clk 01:40:58] [%emt 00:00:18]} cxd4 {[%clk 01:41:36] [%emt 00:00:05]} 4. Nxd4
{[%clk 01:41:24] [%emt 00:00:04]} Nc6 {[%clk 01:42:03] [%emt 00:00:03]} 5. Nc3
{[%clk 01:41:46] [%emt 00:00:08]} Qc7 {[%clk 01:42:27] [%emt 00:00:06]} 6. Be3
{[%clk 01:42:05] [%emt 00:00:11]} a6 {[%clk 01:42:52] [%emt 00:00:06]} 7. Qf3
{[%clk 01:40:40] [%emt 00:01:55]} Nf6 {[%clk 01:43:12] [%emt 00:00:10]} 8. O-O-O
{[%clk 01:36:48] [%emt 00:04:22]} Ne5 {[%clk 01:43:31] [%emt 00:00:11]} 9. Qg3
{[%clk 01:36:17] [%emt 00:01:01]} b5 {[%clk 01:43:56] [%emt 00:00:05]} 10. f4
{[%clk 01:32:43] [%emt 00:04:04]} Neg4 {[%clk 01:44:16] [%emt 00:00:10]} 11. Bg1
{[%clk 01:33:08] [%emt 00:00:04]} h5 {[%clk 01:44:11] [%emt 00:00:35]} 12. e5
{[%clk 01:33:35] [%emt 00:00:03]} b4 {[%clk 01:43:26] [%emt 00:01:15]} 13. Na4
{[%clk 01:34:02] [%emt 00:00:03]} Nd5 {[%clk 01:37:02] [%emt 00:06:54]} 14. h3
{[%clk 01:34:21] [%emt 00:00:11]} Nh6 {[%clk 01:37:19] [%emt 00:00:13]} 15. f5
{[%clk 01:34:49] [%emt 00:00:03]} Bb7 {[%clk 01:37:32] [%emt 00:00:17]} 16. Bd3
{[%clk 01:35:09] [%emt 00:00:10]} Be7 {[%clk 01:37:53] [%emt 00:00:09]} 17. Kb1
{[%clk 01:15:32] [%emt 00:20:07]} h4 {[%clk 01:37:54] [%emt 00:00:29]} 18. Qe1
{[%clk 01:14:47] [%emt 00:01:15]} Qa5 {[%clk 01:32:54] [%emt 00:05:30]} 19. b3
{[%clk 01:13:39] [%emt 00:01:38]} Nc3+ {[%clk 01:33:16] [%emt 00:00:07]} 20.
Nxc3 {[%clk 01:11:26] [%emt 00:02:44]} bxc3 {[%clk 01:33:41] [%emt 00:00:05]}
21. fxe6 {[%clk 00:56:54] [%emt 00:15:01]} dxe6 {[%clk 01:33:01] [%emt
00:01:09]} 22. Nf3 {[%clk 00:55:08] [%emt 00:02:16]} Rc8 {[%clk 01:22:40] [%emt
00:10:51]} 23. Be3 {[%clk 00:46:38] [%emt 00:09:01]} Nf5 {[%clk 01:03:08] [%emt
00:20:02]} 24. Bc1 {[%clk 00:45:52] [%emt 00:01:16]} Ba3 {[%clk 00:59:10] [%emt
00:04:27]} 25. Bg5 {[%clk 00:40:54] [%emt 00:05:28]} Bxf3 {[%clk 00:19:23] [%emt
00:40:17]} 26. gxf3 {[%clk 00:39:16] [%emt 00:02:08]} Rh5 {[%clk 00:19:48] [%emt
00:00:05]} 27. Bf4 {[%clk 00:36:45] [%emt 00:03:02]} g5 {[%clk 00:16:11] [%emt
00:04:07]} 28. Bxf5 {[%clk 00:28:07] [%emt 00:09:08]} gxf4 {[%clk 00:15:42]
[%emt 00:00:58]} 29. Bxe6 {[%clk 00:28:12] [%emt 00:00:25]} fxe6 {[%clk
00:10:10] [%emt 00:06:02]} 30. Qg1 {[%clk 00:27:04] [%emt 00:01:38]} Qxe5 {[%clk
00:04:04] [%emt 00:06:36]} 31. Qa7 {[%clk 00:18:18] [%emt 00:09:16]} Qb5 {[%clk
00:01:46] [%emt 00:02:48]} 32. Rhe1 {[%clk 00:18:00] [%emt 00:00:48]} Qc6 {[%clk
00:01:58] [%emt 00:00:18]} 33. Qd4 {[%clk 00:13:20] [%emt 00:05:10]} Be7 {[%clk
00:01:51] [%emt 00:00:37]} 34. Qxf4 {[%clk 00:13:40] [%emt 00:00:11]} Rd5 {[%clk
00:01:49] [%emt 00:00:33]} 35. Qg4 {[%clk 00:14:05] [%emt 00:00:05]} Kd7 {[%clk
00:00:51] [%emt 00:01:27]} 36. Rxd5+ {[%clk 00:13:29] [%emt 00:01:06]} Qxd5
{[%clk 00:01:20] [%emt 00:00:01]} 37. Qg1 {[%clk 00:13:36] [%emt 00:00:23]} Qc5
{[%clk 00:01:11] [%emt 00:00:39]} 0-1

[Site "Europe Echecs"]

[Event "Grand Swiss "]
[Date "2025.09.14"]
[White "Sarana, Alexey"]
[Black "Samunenkov, Ihor"]
[WhiteElo "2686"]
[BlackElo "2550"]
[Round "10.10.46"]
[Result "0-1"]

1. d4 {[%clk 01:40:58] [%emt 00:00:02]} d5 {[%clk 01:40:50] [%emt 00:00:10]} 2.
Nf3 {[%clk 01:41:17] [%emt 00:00:11]} Nf6 {[%clk 01:40:32] [%emt 00:00:49]} 3.
c4 {[%clk 01:41:41] [%emt 00:00:06]} c6 {[%clk 01:39:22] [%emt 00:01:40]} 4. Nc3
{[%clk 01:42:05] [%emt 00:00:05]} e6 {[%clk 01:39:44] [%emt 00:00:08]} 5. Bg5
{[%clk 01:41:58] [%emt 00:00:37]} Nbd7 {[%clk 01:39:55] [%emt 00:00:20]} 6. cxd5
{[%clk 01:41:42] [%emt 00:00:47]} exd5 {[%clk 01:40:14] [%emt 00:00:10]} 7. e3
{[%clk 01:41:36] [%emt 00:00:35]} h6 {[%clk 01:40:02] [%emt 00:00:42]} 8. Bf4
{[%clk 01:41:32] [%emt 00:00:34]} Nh5 {[%clk 01:39:10] [%emt 00:01:22]} 9. Be5
{[%clk 01:41:04] [%emt 00:00:58]} Nxe5 {[%clk 01:39:29] [%emt 00:00:12]} 10.
Nxe5 {[%clk 01:41:26] [%emt 00:00:08]} Nf6 {[%clk 01:39:51] [%emt 00:00:08]} 11.
Bd3 {[%clk 01:41:34] [%emt 00:00:21]} Bd6 {[%clk 01:38:31] [%emt 00:01:50]} 12.
f4 {[%clk 01:41:52] [%emt 00:00:12]} O-O {[%clk 01:38:53] [%emt 00:00:08]} 13.
O-O {[%clk 01:42:10] [%emt 00:00:12]} c5 {[%clk 01:39:11] [%emt 00:00:13]} 14.
Rc1 {[%clk 01:42:26] [%emt 00:00:14]} Be6 {[%clk 01:27:09] [%emt 00:12:32]} 15.
Kh1 {[%clk 01:35:52] [%emt 00:07:04]} Rc8 {[%clk 01:10:54] [%emt 00:16:45]} 16.
a3 {[%clk 01:33:54] [%emt 00:02:28]} cxd4 {[%clk 01:04:02] [%emt 00:07:22]} 17.
exd4 {[%clk 01:34:17] [%emt 00:00:06]} Rc7 {[%clk 01:04:21] [%emt 00:00:12]} 18.
Qf3 {[%clk 01:29:26] [%emt 00:05:21]} a6 {[%clk 00:56:59] [%emt 00:07:52]} 19.
h3 {[%clk 01:25:11] [%emt 00:04:45]} Re8 {[%clk 00:53:21] [%emt 00:04:09]} 20.
Rce1 {[%clk 01:09:24] [%emt 00:16:16]} Bf8 {[%clk 00:44:41] [%emt 00:09:09]} 21.
Re2 {[%clk 01:06:00] [%emt 00:03:54]} Qd6 {[%clk 00:33:51] [%emt 00:11:21]} 22.
Bb1 {[%clk 01:03:22] [%emt 00:03:08]} b5 {[%clk 00:26:47] [%emt 00:07:34]} 23.
Rfe1 {[%clk 00:51:59] [%emt 00:11:54]} Bc8 {[%clk 00:23:11] [%emt 00:04:05]} 24.
g4 {[%clk 00:41:01] [%emt 00:11:29]} Ne4 {[%clk 00:20:21] [%emt 00:03:19]} 25.
h4 {[%clk 00:26:39] [%emt 00:14:52]} Nxc3 {[%clk 00:06:53] [%emt 00:13:58]} 26.
bxc3 {[%clk 00:26:15] [%emt 00:00:54]} Qxa3 {[%clk 00:07:11] [%emt 00:00:13]}
27. Re3 {[%clk 00:25:14] [%emt 00:01:30]} b4 {[%clk 00:04:46] [%emt 00:02:55]}
28. c4 {[%clk 00:18:41] [%emt 00:07:03]} Qb2 {[%clk 00:04:53] [%emt 00:00:23]}
29. cxd5 {[%clk 00:16:24] [%emt 00:02:47]} Rc1 {[%clk 00:03:55] [%emt 00:01:27]}
30. Qe4 {[%clk 00:14:18] [%emt 00:02:37]} Rxb1 {[%clk 00:03:41] [%emt 00:00:44]}
31. Rxb1 {[%clk 00:12:07] [%emt 00:02:41]} Qf2 {[%clk 00:04:03] [%emt 00:00:07]}
32. g5 {[%clk 00:12:03] [%emt 00:00:34]} g6 {[%clk 00:03:08] [%emt 00:01:25]}
33. Qf3 {[%clk 00:06:31] [%emt 00:06:02]} Qxh4+ {[%clk 00:01:32] [%emt
00:02:06]} 34. Kg2 {[%clk 00:05:43] [%emt 00:01:18]} hxg5 {[%clk 00:01:56] [%emt
00:00:06]} 35. fxg5 {[%clk 00:03:19] [%emt 00:02:55]} Qxg5+ {[%clk 00:01:58]
[%emt 00:00:28]} 36. Kf2 {[%clk 00:03:47] [%emt 00:00:02]} Qh4+ {[%clk 00:01:57]
[%emt 00:00:31]} 37. Kg2 {[%clk 00:03:10] [%emt 00:01:07]} Bf5 {[%clk 00:01:37]
[%emt 00:00:50]} 38. Rd1 {[%clk 00:03:16] [%emt 00:00:23]} Bh6 {[%clk 00:01:36]
[%emt 00:00:31]} 39. Qg3 {[%clk 00:02:18] [%emt 00:01:29]} Be4+ {[%clk 00:01:44]
[%emt 00:00:22]} 40. Kf1 {[%clk 00:02:29] [%emt 00:00:19]} Qf6+ {[%clk 00:01:39]
[%emt 00:00:34]} 0-1

[Site "Europe Echecs"]

[Event "Grand Swiss "]
[Date "2025.09.14"]
[White "Deac, Bogdan-Daniel"]
[Black "Daneshvar, Bardiya"]
[WhiteElo "2674"]
[BlackElo "2598"]
[Round "10.10.47"]
[Result "1/2-1/2"]

1. d4 {[%clk 01:40:57] [%emt 00:00:02]} Nf6 {[%clk 01:40:57] [%emt 00:00:04]} 2.
c4 {[%clk 01:41:20] [%emt 00:00:06]} e6 {[%clk 01:41:25] [%emt 00:00:03]} 3. Nf3
{[%clk 01:41:36] [%emt 00:00:14]} d5 {[%clk 01:41:52] [%emt 00:00:03]} 4. g3
{[%clk 01:41:59] [%emt 00:00:06]} Be7 {[%clk 01:42:18] [%emt 00:00:04]} 5. Bg2
{[%clk 01:42:19] [%emt 00:00:10]} O-O {[%clk 01:42:45] [%emt 00:00:03]} 6. Nc3
{[%clk 01:42:41] [%emt 00:00:08]} dxc4 {[%clk 01:43:11] [%emt 00:00:05]} 7. Ne5
{[%clk 01:43:02] [%emt 00:00:08]} c5 {[%clk 01:43:38] [%emt 00:00:04]} 8. dxc5
{[%clk 01:43:20] [%emt 00:00:12]} Qxd1+ {[%clk 01:44:02] [%emt 00:00:05]} 9.
Nxd1 {[%clk 01:43:31] [%emt 00:00:18]} Bxc5 {[%clk 01:44:29] [%emt 00:00:04]}
10. Bd2 {[%clk 01:34:16] [%emt 00:09:45]} Nd5 {[%clk 01:38:27] [%emt 00:06:32]}
11. Nxc4 {[%clk 01:34:13] [%emt 00:00:33]} Nc6 {[%clk 01:32:42] [%emt 00:06:16]}
12. Rc1 {[%clk 01:32:07] [%emt 00:02:35]} b6 {[%clk 01:27:14] [%emt 00:05:59]}
13. Nce3 {[%clk 01:26:54] [%emt 00:05:43]} Rd8 {[%clk 01:15:46] [%emt 00:11:58]}
14. Nxd5 {[%clk 01:22:01] [%emt 00:05:22]} exd5 {[%clk 01:16:13] [%emt
00:00:04]} 15. Nc3 {[%clk 01:22:21] [%emt 00:00:08]} Ne7 {[%clk 01:15:44] [%emt
00:01:00]} 16. O-O {[%clk 01:14:04] [%emt 00:08:47]} Ba6 {[%clk 01:16:09] [%emt
00:00:05]} 17. Rfd1 {[%clk 01:13:34] [%emt 00:00:59]} Rac8 {[%clk 01:14:17]
[%emt 00:02:24]} 18. Bf3 {[%clk 01:13:32] [%emt 00:00:30]} Bc4 {[%clk 01:09:34]
[%emt 00:05:13]} 19. Kf1 {[%clk 01:02:48] [%emt 00:11:15]} d4 {[%clk 01:00:54]
[%emt 00:09:10]} 20. Ne4 {[%clk 01:01:58] [%emt 00:01:19]} Bxa2 {[%clk 01:00:56]
[%emt 00:00:29]} 21. b4 {[%clk 01:00:12] [%emt 00:02:15]} Bd6 {[%clk 01:00:33]
[%emt 00:00:54]} 22. Nxd6 {[%clk 00:54:15] [%emt 00:06:27]} Rxd6 {[%clk
01:00:46] [%emt 00:00:16]} 23. Rxc8+ {[%clk 00:51:00] [%emt 00:03:45]} Nxc8
{[%clk 01:01:10] [%emt 00:00:07]} 24. Bf4 {[%clk 00:50:16] [%emt 00:01:12]} Rd8
{[%clk 01:00:27] [%emt 00:01:14]} 25. Be5 {[%clk 00:50:14] [%emt 00:00:31]} Ne7
{[%clk 00:56:19] [%emt 00:04:39]} 26. Ra1 {[%clk 00:43:39] [%emt 00:07:05]} Bd5
{[%clk 00:56:25] [%emt 00:00:24]} 27. Bxd5 {[%clk 00:43:21] [%emt 00:00:48]}
Nxd5 {[%clk 00:55:51] [%emt 00:01:04]} 28. Rxa7 {[%clk 00:43:36] [%emt
00:00:14]} d3 {[%clk 00:51:24] [%emt 00:04:57]} 29. exd3 {[%clk 00:43:24] [%emt
00:00:41]} Nxb4 {[%clk 00:51:49] [%emt 00:00:06]} 30. Bc7 {[%clk 00:43:37] [%emt
00:00:17]} Re8 {[%clk 00:51:23] [%emt 00:00:56]} 1/2-1/2

[Site "Europe Echecs"]